000 00422nam a2200169Ia 4500
999 _c186
_d186
003 OSt
005 20210908124451.0
008 190216s9999||||xx |||||||||||||| ||und||
040 _coclc
082 _a892.73
_bALH/K
100 _aNull
245 0 _aKalila Wa Dimna /
260 _bAl Hind Book Stall,
_c1978.
300 _a92p
650 _aArabic
942 _cBK
_2ddc
_h892.73
_iALH/K
_k892.73
_mALH/K